| 000 | 00356pam a2200145 a 4500 | ||
|---|---|---|---|
| 020 | _c | ||
| 041 | _aeng | ||
| 082 |
_a338.5 _bBAR |
||
| 100 | _aBarve R.K. | ||
| 245 |
_aBusiness Economics F.Y.B.Com. part II 85 pattern _hTextual Documents |
||
| 260 |
_aPune _bNirali Prakashan _c1988 |
||
| 300 | _a142 p. | ||
| 700 | _aMahajan, Mukunda . | ||
| 930 | _a10602 | ||
| 999 |
_c87506 _d87506 |
||